| 000 | 00973nam a22002175i 4500 | ||
|---|---|---|---|
| 001 | 176734 | ||
| 003 | ES-MaACL | ||
| 005 | 20230906220153.0 | ||
| 008 | 110204s1960 fr |||| | fre d | ||
| 080 | _a63:37 | ||
| 245 | 0 | 2 |
_aL'enseignement supérieur agricole _b: projet nº 6/15 (fatis). |
| 260 |
_a[Paris] : _bAgence Européenne de Productivité, Division de l'action technique et de la productivité dans l'agriculture et l'alimentation, Organisation Européenne de Coopération Économique, _c1960. |
||
| 300 |
_a144 p. ; _c27 cm. |
||
| 490 | 1 |
_aAlimentation et agriculture documentation. Série 1960 ; _v30 |
|
| 546 | _aTexto en francés. | ||
| 650 | 0 | 4 |
_aAgricultura- _xEnseñanza. _9145046 |
| 710 | 0 |
_aOrganización de Cooperación y Desarrollo Económico. _bAgencia Europea de Productividad. _96056 |
|
| 830 | 0 |
_aAlimentation et agriculture documentation. Série 1960 ; _v30 _9190213 |
|
| 852 |
_aES-MaACL _jE-14194 _xOlim P-969-bis |
||
| 999 |
_c176734 _d176734 |
||